000 00573cab a2200193 4500
001 ABS44200
008 090401t1991 xxu||||| |||| 00| 0 eng d
035 _a(Sirsi) u45784
041 _aeng
245 _aAuditoria
260 _c1991
350 _a0
490 _aBuilding Services
_v13(3) March 1991, 23-30(8)
520 _aSeries of articles on the design of theatres and auditoria covering lighting , ventilation , sound systems and acoustics .
650 _aFIRE ALARMS
690 _aBUILT ENVIRONMENT-CONSTRUCTION DESIGN
942 _n0
948 _c04/03/1997
999 _c28970
_d28970